[Event "Amager Aabne Klubmesterskab 2016"]
[Site "Sundbyoster"]
[Date "2016.02.16"]
[Round "4"]
[White "Rasmussen, Erik Elmer"]
[Black "Brorsen, Kristian"]
[Result "1-0"]
[WhiteElo "1188"]
[BlackElo "1169"]
[PlyCount "45"]
[EventDate "2016.??.??"]

1. c4 e5 2. Nc3 Nc6 3. g3 Bc5 4. Bg2 Nf6 5. e3 d6 6. Nge2 Nb4 7. d4 exd4 8.
exd4 Bxd4 9. Nxd4 Qe7+ 10. Be3 c5 11. Nc2 Ng4 12. Nxb4 Nxe3 13. fxe3 Qxe3+ 14.
Qe2 Qxe2+ 15. Nxe2 cxb4 16. O-O-O Bg4 17. Rhe1 O-O 18. Rxd6 Rfe8 19. Kd2 Re7
20. Nf4 Rc7 21. b3 Rac8 22. Nd5 Rc6 23. Ne7+ 1-0